| 000 | 00838nam a2200217Ii 4500 | ||
|---|---|---|---|
| 003 | JO-AjNU | ||
| 008 | 230605s9999||||xx |||||||||||||| ||und|| | ||
| 017 | _a1998/4290 | ||
| 020 | _a977-277-138-1 | ||
| 040 |
_aJO-AjNU _bara _erda _cJO-AjNU |
||
| 041 | _aara | ||
| 050 | 1 | 4 | _aPJ7698.H3.A17 1998 |
| 100 | 3 |
_aإعداد وتقديم محمد إبراهيم سليم, _eauthor _940662 |
|
| 245 | 0 | 0 | _aشعراء العرب والإسلام للفتية والفتيات: حسان بن ثابت الأنصاري شاعر الرسول صلى الله عليه وسلم |
| 264 | 3 | 1 | _aالقاهرة:دار الطلائع،1998 |
| 300 | _a96ص | ||
| 336 |
_atext _btxt _2rdacontent |
||
| 337 |
_aunmediated _bn _2rdamedia |
||
| 338 |
_avolume _bnc _2rdacarrier |
||
| 650 | 4 |
_aالشعر العربي - عصر صدر الإسلام _940663 |
|
| 999 |
_aA17275 _c20843 _d20843 |
||